|
|
|
|
| LEADER |
01362nam a2200313 u 4500 |
| 001 |
10020830 |
| 003 |
upatras |
| 005 |
20210117205500.0 |
| 008 |
990311m19771977us eng |
| 020 |
|
|
|a 080160186X
|q (set)
|
| 040 |
|
|
|a GR-PaULI
|c GR-PaULI
|
| 041 |
0 |
|
|a eng
|
| 082 |
0 |
4 |
|a 616.07
|
| 245 |
1 |
0 |
|a Pathology
|c edited by W. A. D. Andreson, John M. Kissane
|
| 250 |
|
|
|a 7th edition
|
| 260 |
|
|
|a Saint Louis
|b C. V. Mosby Company
|
| 300 |
|
|
|a 2 v.
|b fig., phot., tab.
|c 28 cm.
|
| 504 |
|
|
|a Includes references and index
|
| 505 |
0 |
|
|a v.1. - var. pag. - 1977 --
|a v.2. - var. pag. - 1977.
|
| 650 |
|
4 |
|a Παθολογία
|9 5202
|
| 700 |
1 |
|
|a Anderson, William Arnold Douglas
|4 edt
|9 145062
|
| 700 |
1 |
|
|a Kissane, John M.
|4 edt
|9 145063
|
| 852 |
|
|
|a GR-PaULI
|b ΠΑΤΡΑ
|b ΒΚΠ
|b ΒΣ1
|k ΑΣΧΞ
|h 616.07 A
|m 06786
|p 025000005378
|t 1
|3 v.1
|
| 852 |
|
|
|a GR-PaULI
|b ΠΑΤΡΑ
|b ΒΚΠ
|b ΒΣ1
|k ΑΣΧΞ
|h 616.07 A
|m 06785
|p 025000005182
|t 1
|3 v.2
|
| 942 |
|
|
|2 ddc
|c BK15
|
| 952 |
|
|
|0 0
|1 0
|3 v.1
|4 0
|6 616_070000000000000_A
|7 0
|9 181238
|a LISP
|b LISP
|c BSC
|d 2016-04-24
|i 06786
|l 0
|o 616.07 A
|p 025000005378
|r 2016-04-24 00:00:00
|t 1
|w 2016-04-24
|y BK15
|
| 952 |
|
|
|0 0
|1 0
|3 v.2
|4 0
|6 616_070000000000000_A
|7 0
|9 181239
|a LISP
|b LISP
|c BSC
|d 2016-04-24
|i 06785
|l 0
|o 616.07 A
|p 025000005182
|r 2016-04-24 00:00:00
|t 1
|w 2016-04-24
|y BK15
|
| 998 |
|
|
|c ΗΛΙΟΠΟΥΛΟΥ
|d 1999-03
|
| 999 |
|
|
|c 112020
|d 112020
|